Strolling Through Istanbul (Record no. 574352)

MARC details
000 -LEADER
fixed length control field 01290nam a2200169Ia 4500
008 - FIXED-LENGTH DATA ELEMENTS--GENERAL INFORMATION
fixed length control field 250630s9999 xx 000 0 und d
020 ## - INTERNATIONAL STANDARD BOOK NUMBER
ISBN 9781848851542
082 ## - DEWEY DECIMAL CLASSIFICATION NUMBER
Classification number 914.9618
Item number SUM
100 ## - MAIN ENTRY--AUTHOR NAME
Personal name Sumner-Boyd, Hilary
245 #0 - TITLE STATEMENT
Title Strolling Through Istanbul
260 ## - PUBLICATION, DISTRIBUTION, ETC. (IMPRINT)
Name of publisher Tauris Parke Paperbacks
Year of publication 2010
300 ## - PHYSICAL DESCRIPTION
Number of Pages 512 pages
500 ## - GENERAL NOTE
General note This classic guide to Istanbul by Hilary Summer-Boyd and John Freely - the 'best travel guide to Istanbul' ("The Times"), 'a guide book that reads like a novel' ("New York Times") - is here, for the first time since its original publication thirty-seven years ago, published in a completely revised and updated new edition. Taking the reader on foot through this captivating city - European City of Culture 2010 - the authors describe the historic monuments and sites of what was once Constantinople and the capital in turn of the Byzantine and Ottoman Empires, in the context of the great living city. Woven throughout are vivid anecdotes, secret histories, hidden gems and every major place of interest the traveler will want to see. Practical and informative, readable and vividly described, this is the definitive guide to and story of Istanbul, by those who know it best.
650 ## - SUBJECT ADDED ENTRY--TOPICAL TERM
Topical Term Travel
942 ## - ADDED ENTRY ELEMENTS (KOHA)
Koha item type English Books
Holdings
Withdrawn status Lost status Damaged status Not for loan Home library Current library Shelving location Date acquired Full call number Accession Number Price effective from Koha item type
        Anna Centenary Library Anna Centenary Library 7TH FLOOR, B WING 30.06.2025 914.96180 SUM 334977 30.06.2025 English Books

Find us on the map